|
|
|
|
| LEADER |
01872cas a2200289 a 4500 |
| 001 |
AALejournalIMF021504 |
| 008 |
230101c9999 xx r poo 0 0eng d |
| 020 |
|
|
|c 5.00 USD
|
| 020 |
|
|
|z 9781513568423
|
| 022 |
|
|
|a 1934-7685
|
| 040 |
|
|
|a BD-DhAAL
|c BD-DhAAL
|
| 110 |
2 |
|
|a International Monetary Fund.
|b African Dept.
|
| 245 |
1 |
0 |
|a Nigeria :
|b 2020 Article IV Consultation-Press Release; Staff Report; and Statement by the Alternate Executive Director for Nigeria.
|
| 264 |
|
1 |
|a Washington, D.C. :
|b International Monetary Fund,
|c 2021.
|
| 300 |
|
|
|a 1 online resource (91 pages)
|
| 490 |
1 |
|
|a IMF Staff Country Reports
|
| 500 |
|
|
|a <strong>Off-Campus Access:</strong> No User ID or Password Required
|
| 500 |
|
|
|a <strong>On-Campus Access:</strong> No User ID or Password Required
|
| 506 |
|
|
|a Electronic access restricted to authorized BRAC University faculty, staff and students
|
| 520 |
3 |
|
|a The Nigerian economy is at a critical juncture. A weak pre-crisis economy characterized by falling per capita income, double-digit inflation, significant governance vulnerabilities and limited buffers, is grappling with multiple shocks from the COVID-19 pandemic. Real output is projected to contract by 3.2 percent in 2020, with a weak recovery likely to keep per capita income stagnant and no higher than the 2010 level in the medium term. Policy adjustment and reforms are urgently needed to navigate this crisis and change the long-running lackluster course.
|
| 538 |
|
|
|a Mode of access: Internet
|
| 650 |
|
7 |
|a International Agreements and Observance
|2 imf
|
| 650 |
|
7 |
|a International Organizations
|2 imf
|
| 650 |
|
7 |
|a Monetary Policy
|2 imf
|
| 651 |
|
7 |
|a Nigeria
|2 imf
|
| 830 |
|
0 |
|a IMF Staff Country Reports; Country Report ;
|v No. 2021/033
|
| 856 |
4 |
0 |
|z Full text available on IMF
|u http://elibrary.imf.org/view/journals/002/2021/033/002.2021.issue-033-en.xml
|z IMF e-Library
|